000
nam a22 7a 4500
999
_c
52764
_d
52764
003
OSt
005
20220702145145.0
008
220702b xxu||||| |||| 00| 0 eng d
040
_c
IIMT UNIVERSITY MEERUT
100
_a
VERMA, MOHAN
245
_a
A T. B. OF INDUSTRIAL MANAGEMENT -8th
260
_b
KATSON
300
_a
398
942
_2
ddc
_c
09